Catálogo - Centro de Recursos para el Aprendizaje y la Investigación

Volver al Sitio - CRAI Biblioteca

Alegría / (Registro nro. 114272)

Detalles MARC
000 -CABECERA
campo de control de longitud fija 01076nam a2200265 4500
001 - NÚMERO DE CONTROL
campo de control 114272
003 - IDENTIFICADOR DEL NÚMERO DE CONTROL
campo de control DR-UNIBE
005 - FECHA Y HORA DE LA ÚLTIMA TRANSACCIÓN
campo de control 20251210095818.0
008 - DATOS DE LONGITUD FIJA--INFORMACIÓN GENERAL
campo de control de longitud fija 251204b2025 sp ||||| |||| 00| 1 spa d
020 ## - NÚMERO INTERNACIONAL ESTÁNDAR DEL LIBRO
Número Internacional Estándar del Libro 9788412951585
040 ## - FUENTE DE LA CATALOGACIÓN
Centro catalogador/agencia de origen BIBLIOTECA UNIBE
Lengua de catalogación spa
Centro/agencia transcriptor BIBLIOTECA UNIBE
Normas de descripción rda
041 ## - CÓDIGO DE LENGUA
Código de lengua del texto/banda sonora o título independiente spa
090 ## - LOCALMENTE ASIGNADO TIPO-LC NÚMERO DE CLASIFICACIÓN (OCLC); NÚMERO DE CLASIFICACIÓN LOCAL (RLIN)
Número de clasificación (OCLC) (R) ; Numero de clasificación, CALL (RLIN) (NR) FBIU - PPE CJ R282a
100 10 - ENTRADA PRINCIPAL--NOMBRE DE PERSONA
Nombre de persona Read Escobal, Virginia,
Fechas asociadas al nombre 1963-
9 (RLIN) 53433
Término indicativo de función/relación autor
245 10 - MENCIÓN DE TÍTULO
Título Alegría /
Mención de responsabilidad, etc. Virginia Read Escobal ; ilustraciones: Ilemi Cuesta Mier
250 ## - MENCIÓN DE EDICIÓN
Mención de edición Primera edición
260 ## - PUBLICACIÓN, DISTRIBUCIÓN, ETC.
Lugar de publicación, distribución, etc. Asturias :
Nombre del editor, distribuidor, etc. Pinta Pinta Editorial,
Fecha de publicación, distribución, etc. 2025
300 ## - DESCRIPCIÓN FÍSICA
Extensión [Sin páginas] :
Otras características físicas ilustraciones a color ;
Dimensiones 27 x 21 cm
500 ## - NOTA GENERAL
Nota general Incluye datos del autor e ilustrador al final de la obra, en la contraportada comentario de la obra, y un código QR para escanear el cuaderno creativo de la misma para el aula
653 #7 - TÉRMINO DE INDIZACIÓN--NO CONTROLADO
Término no controlado Literatura juvenil dominicana
653 #7 - TÉRMINO DE INDIZACIÓN--NO CONTROLADO
Término no controlado Cuentos juveniles dominicanos
653 #7 - TÉRMINO DE INDIZACIÓN--NO CONTROLADO
Término no controlado Abolición de la esclavitud - Cuentos juveniles dominicanos
700 10 - PUNTO DE ACCESO ADICIONAL--NOMBRE DE PERSONA
Nombre de persona Cuesta Mier, Ilemi
9 (RLIN) 201266
Término indicativo de función/relación ilustrador
942 ## - ELEMENTOS DE PUNTO DE ACCESO ADICIONAL (KOHA)
Fuente del sistema de clasificación o colocación Sistema de Clasificación Decimal Dewey
Tipo de ítem Koha Libro (general)
Existencias
Estado de retiro Estado de pérdida Fuente del sistema de clasificación o colocación No para préstamo Código de colección Localización permanente Fecha de adquisición Total de préstamos Signatura topográfica completa Código de barras Fecha visto por última vez Número de copia Precio válido a partir de Tipo de ítem Koha
  Disponible Sistema de Clasificación Decimal Dewey No se presta Fondo Bibliográfico IBBY-UNIBE Biblioteca Central UNIBE 11/10/2025   FBIU-PPE CJ R282a FBIU0916 04/12/2025 Ej. 1 04/12/2025 Libro (reserva)